• 首页
  • 本馆介绍
  • 公告通知
  • 最新文献
  • 馆藏检索
  • 电子资源
  • 读者导购
  • 参考咨询
  • 我的图书馆
  • 登录
  • 详细信息显示
  • 放入我的书架
  • 预约/预借图书
  • 作者相关作品
  • 分类相关作品
  • 丛书相关作品
  • 出版社相关作品

书目信息

  • 表格格式
  • 工作单格式
  • 卡片格式
题名:
看图例学FrontPage98
    
 
作者: 新思维创作室编著
分册:  
出版信息: 北京   人民邮电出版社  1998.09
页数: 367页
开本: 16开
丛书名: 计算机软件丛书
单 册:
中图分类: TP314-5
科图分类:
主题词: 软件
电子资源:
ISBN: 7-115-07363-5
000 00614nam0 2200205 45
001 9911301546
005 19991130153953.8
010    @a7-115-07363-5@d33.00
100    @a19991130d1998 km y0chiy0120 ea
101    @achi
105    @a z 000yy
200 1  @a看图例学FrontPage98@AKan Tu Li Xue FrontPage98@f新思维创作室编著@FXin Si Wei Chuang Zuo Shi Bian Zhu
210    @a北京@c人民邮电出版社@d1998.09
215    @a367页@c图表@d16开
225 2  @a计算机软件丛书
300    @a附录:术语浅解汇编等
606 0  @a软件
690    @aTP314-5@v3
801    @aCN@bPerfectUser@c19991130
905    @aBZT@b70252@f1@dTP314-5@e3
    
    看图例学FrontPage98/新思维创作室编著.-北京:人民邮电出版社,1998.09
    367页:图表;16开.-(计算机软件丛书)
    附录:术语浅解汇编等
    
    ISBN 7-115-07363-5:33.00
    
●
相关链接 在五车中查询图书 在当当中查询图书 在豆瓣中查询图书


正题名:看图例学FrontPage98     索取号:TP314-5/3         预约/预借

序号 登录号 条形码 馆藏地/架位号 状态 备注
1 70252   200392547   中心书库中库/ 中库027架B面6列3层7/ [索取号:TP314-5/3] 在馆    
山东省滨州职业学院图书馆 欢迎您!
大连网信软件有限公司© 版权所有